000 00731nam a2200241Ia 4500
005 20260430150252.0
008 008 250103s9999 xx 000 0 eng d
037 _aTheses
040 _aCRL
040 _beng
040 _ceng
041 _2eng
041 _aeng
084 _qCRL
100 _aMohammad Jalaluddin Au.; Asari Naimul Hasan Gu.
_91236988
245 0 _aMusahima al-Shekh Ali al-Tantavi fi mujal al-adab wa al-sahafah (Contribution of al-Shekh Ali al-Tantavi in the field of literature and journalism)
260 _c2022
300 _a303p.
650 _aArabic Literature
700 _aUniversity of Delhi. Faculty of Arts. Department of Arabic
_9522990
942 _cTH
999 _c1849378
_d1849378